Animals that Appear on Italian Flags - Statistics

General Stats
  • This quiz has been taken 16 times
  • The average score is 6 of 8
Answer Stats
Countries Animal % Correct
Lazio Lion
100%
Veneto Winged Lion
100%
Friuli-Venezia Giulia, Lazio, +1 other Eagle
85%
Tuscany Pegasus
77%
Lazio Wolf
69%
Veneto Dragon
62%
Sicily Gorgoneion
54%
Marche Woodpecker
31%
No matching quizzes found
Score Distribution
Percent of People with Each Score
Percentile by Number Answered
Your Score History
You have not taken this quiz